| 000 | 00634nam a2200217 4500 | ||
|---|---|---|---|
| 003 | OSt | ||
| 005 | 20260530115258.0 | ||
| 008 | 260421b2003 xxua|||| |||| 00| 0 eng d | ||
| 020 | _a1400040507 | ||
| 040 |
_aICI _bspa _cICI |
||
| 050 | 0 | 0 |
_aTA174 _bP478 |
| 100 | 1 | _a Petroski, Henry, | |
| 245 | 1 | 0 |
_aSmall things considered : _bwhy there is no perfect design / _cHenry Petroski |
| 264 | 1 |
_b A. A. Knopf, _cc2003 _aNew York : |
|
| 300 |
_a288 páginas _bilustraciones _c24cm. |
||
| 336 |
_atexto _2rdacontent |
||
| 337 |
_asin medio _2rdamedia |
||
| 338 |
_avolumen _2rdacarrier |
||
| 650 | 0 | _aDiseño en ingeniería | |
| 942 |
_2lcc _cBK |
||
| 999 |
_c12715 _d12715 |
||